Дневник Шиллинга М. Ф.

Доступно только в Электронных читальных залах Найти на картеНа карте
RUSMARC
00004002nac2a22002773x 450
001851c1c78-3d04-4d75-8f7e-c065dbdedcc0
00520211213124802.0
100##$a20211120l18961896k y0rusy50 ca
1010#$arus
$afre
102##$aRU
105##$ay z |||||
1222#$ad18960325
$ad18960515
2001#$aДневник Шиллинга М. Ф.
$j25 марта 1896 - 15 мая
215##$a48 листов
251##$cДело
300##$aЧасть текста на французском языке
300##$aНа папке дела: 25 марта 1896 г. - 15 мая 1896 г.
300##$aЛисты: 45-48 - не подшиты; после листа 48 непронумерованные чистые листы
300##$aРукописный текст
330##$aВходит в раздел описи: 3. Документы о научной и литературной деятельности барона Шиллинга М. Ф.
461#0$1001ff9fc58f-089b-437b-980d-902343bc59d8
$12001
$aШиллинг Маврикий Фабианович, барон, секретарь русского посольства в Вене
$1251
$cФонд
$1852
$j813
462#0$1001665c067c-d934-4316-b9df-5bf0ad49190b
$12001
$aДела постоянного хранения. 1817-1917
$vД. 115
$1251
$cОпись
$1852
$j1
600#1$aШиллинг
$bМ. Ф.
$cбарон
$gМаврикий Фабианович
801#0$aRU
$bGA_RF
801#1$aRU
$bГлавНИВЦ
$c20211120
$2rusmarc
801#2$aRU
$bПБ им. Б.Н. Ельцина
$c20211213
$gRCR
$2rusmarc
852##$aГА РФ
$j115
937##$d171505406
$hГАРФ
035##$aRuPRLIB51060851
856##$uhttp://readingroom.main.prlib.ru/item.aspx?id_node=n171505406&mode=full
Формат отображения